00433nam a22001457a 450000500170000000800410001702200130005804100250007108200130009610000250010924500580013426000410019230000280023365000260026120240307070920.0240307b |||||||| |||| 00| 0 eng d a02577747 aAfrikaans / English  a349 TYD  lAfrikaans / English  aTydskrif vir die Suid_Afrikaanse Reg / cJC Sonnekus  aKaapstad : bJuta en Kie Bpk, c1986 b78 blaadsye ; c25 cm.  aLegal practice bLaw